000 00783nas a2200229 4500
001 BR8300104
003 BR-BrBNA
005 20231205085400.0
007 ta
008 230509b bl.|||p| |||| 00| 00por d
040 _aBR-BrBNA
_bpor
_cBiblioteca Nacional de Agricultura
041 _a(Pt)
072 _aF70
100 1 _aLima, H.C. de
245 1 _aConsideracoes taxonomicas sobre o genero Hymenolobium Bentham (Leguminosae-Faboideae)
246 1 _a[Taxonomic considerations on the genus Hymenolobium Bentham (Leguminosae-Faboideae)]
650 _aARVORE ANGIOSPERMA
650 _aDISTRIBUICAO GEOGRAFICA
773 0 _tActa Amazonica (Brazil)
_xISSN 0044-5967
_g(Mar 1982), v. 12(1) p. 41-48
_wBR8300104
909 _a202311
_bLúcia
_c55
_dLúcia Elande
942 _2AGRIS
_n0
_cANA
999 _c111101
_d111101